000 00799cab a2200229 4500
001 X89814
008 090401t1998 xxu||||| |||| 00| 0 eng d
035 _a(Sirsi) u84261
041 _aeng
245 _aEmpress Cars v NRA
260 _c1998
350 _a0
490 _aNew Property Cases
_v[1998] NPC 16 (3)
520 _aHL 5 February 1998. Environmental law. Criminal prosecution for causing poisonous, noxious or polluting matter or solid waste to enter controlled waters. Causation - Water Resources Act 1991 s85(1). HEADNOTE FROM JOURNAL - DO NOT PHOTOCOPY.
650 _aEMPRESS CARS V NRA
650 _aENVIRONMENTAL LAW
650 _aPOLLUTION
650 _aWATER RESOURCES ACT 1991 S85
690 _aPLANNING LAW AND PRACTICE-CASE LAW
942 _n0
948 _c16/02/1998
999 _c52945
_d52945